| 000 | 00775nam a22001937a 4500 | ||
|---|---|---|---|
| 999 |
_c6810 _d6810 |
||
| 001 | 4902 | ||
| 003 | BD-DhUAP | ||
| 005 | 20210107145245.0 | ||
| 008 | 210107s1992 bg |||| |||| 00| 0 ben d | ||
| 040 |
_aBD-DhUAP _bBen _cBD-DhUAP _dBD-DhUAP |
||
| 082 |
_223 _a338.95492 BAN |
||
| 245 | _aবাংলাদেশ উন্নয়ন সমীক্ষা। | ||
| 260 |
_aঢাকা : _bবাংলাদেশ উন্নয়ন গবেষণা প্রতিষ্ঠান, _cc১৯৯২। |
||
| 300 |
_aখণ্ড; _c২৩ সেমি.। |
||
| 505 | _aখণ্ড ৯-- | ||
| 650 |
_aEconomic development _zBangladesh. |
||
| 710 | _aবাংলাদেশ উন্নয়ন গবেষণা প্রতিষ্ঠান। | ||
| 942 |
_2ddc _cBK |
||